Państwa Europy - Czy Znasz Je Wszystkie? - Statystyki

Ogólne statystyki
  • Ten quiz został rozwiązany 563 razy
  • Średni wynik to 34 z 43
Odpowiedzi na mapie
Odpowiedzi zakodowano w zielono-czerwonej skali na mapie do tego quizu, zgodnie z poniższymi procentami.
 
Statystyki odpowiedzi
Państwa % Poprawnych
Polska
98%
Niemcy
94%
Ukraina
93%
Francja
92%
Czechy
91%
Norwegia
91%
Hiszpania
90%
Włochy
90%
Litwa
89%
Lotwa
89%
Portugalia
89%
Szwecja
89%
Wielka Brytania / Zjednoczone
Królestwo
89%
Białoruś
88%
Finlandia
88%
Slowacja
88%
Dania
87%
Irlandia
86%
Belgia
85%
Estonia
85%
Grecja
85%
Islandia
84%
Chorwacja
82%
Austria
80%
Rumunia
79%
Szwaj
79%
Slowenia
78%
Węgry
78%
Watykan
77%
Luksemburg
74%
Albania
72%
Bośnia i Hercegowina
72%
San Marino
72%
Serbia
70%
Bułgaria
69%
Moldawia
69%
Liechtenstein
67%
Andora
66%
Monako
66%
Macedonia Północna
63%
Czarnogóra
62%
Malta
57%
Niderlandy
39%
Nie znaleziono quizów pasujących do podanych kryteriów
Rozkład punktacji
Procent ludzi z każdym wynikiem
Percentyl według liczby udzielonych odpowiedzi
Twoja historia wyników
Nie rozwiązałeś tego quizu